| 000 | 00608 a2200229 4500 | ||
|---|---|---|---|
| 001 | 107135 | ||
| 020 | _a9781894965477 | ||
| 041 | _apor | ||
| 090 | _aP Year 4 [E] | ||
| 250 | _a. ed. | ||
| 300 | _a[30] p. | ||
| 697 | _aSchools - Fiction. | ||
| 697 | _aShow-and-tell presentations - Fiction. | ||
| 697 | _aWomen's shelters - Fiction. | ||
| 697 | _aSchool stories. | ||
| 856 | _u000012/00001237.jpg | ||
| 040 |
_aBR-BrIDEA _cBR-BrIDEA |
||
| 100 |
_aNielsenFernlund, Susin _d1964 |
||
| 245 | 1 | 0 |
_aThe magic beads _c Susin NielsenFernlund |
| 260 |
_a[S.l.] _bSimply Read Books _c2007 |
||
| 942 | _cBK | ||
| 999 |
_c107135 _d107135 |
||